000 01303nam0a22003251 4500
001 RU\NLR\INFOCOMM_190\5000027985
005 20250613090841.0
035 _a(NLR Aleph) 009082992
090 _a7993903
_c7993903
100 _a20081204d1967 |||y0rusy50 ca
101 1 _aspa
_crus
102 _aRU
105 _aa z 000zy
181 0 _ai
_baxxe
182 0 _an
200 1 _aEl ejército soviético hoy
_fAlexandr Babakov
203 _aТекст
_bвизуальный
_cнепосредственный
210 _aMoscú
_cEd. de la Agencia de prensa "Nóvosti"
_d[1967]
215 _a66, [5] с., 8 л. ил.
_cил.
_d16
300 _aЗагл. и авт. ориг.: Советская армия сегодня / А. Бабаков
454 0 _12001#$aСоветская армия сегодня$fА. Бабаков
_1700#1$aБабаков$bА. А.$gАлександр Александрович
_tСоветская армия сегодня
_aБабаков, Александр Александрович
606 _aСоветская армия
_2nlr_sh1
686 _aВ9-5
_2rubbk
700 1 _aBabakov
_bA. A.
_gAleksandr Aleksandrovič
801 1 _aRU
_bNLR
_c20081204
801 0 _aRU
_bNLR
_gPSBO
852 _aNLR
_jВ41 Д-2/3
942 _cBOOK
980 _aNB